000 00665nam a2200181 a 4500
008 090526s1983 ||||||||||||||||| || u
020 _a1868727351
050 _aQL 692.S66 New
100 _aNewman, Kenneth
245 1 0 _aNewman's birds of Southern Africa
_cKenneth Newman
260 _aCape town
_bSappi
_c1983
300 _a527p.: ill
350 _a0.00
650 _aBIRDS
650 _aBIRDS--AFRICA, SOUTHERN--IDENTIFICATION
650 _aBIRDS--AFRICA, SOUTHERN--PICTORIAL WORKS
995 _D0.00
_FCBU-MAIN LIBRARY (Kitwe)
_H1
_I0.00
_M1
_UAVAILABLE
_WMay 26, 2009
_ZMain Library Open Access Collection
999 _c52220
_d52220